| 000 | 01211nad a2200361 a 4500 | ||
|---|---|---|---|
| 001 | MIU01000000000000003603104 | ||
| 003 | MiU | ||
| 005 | 20231010141024.0 | ||
| 007 | cr mnummmmuuuu | ||
| 008 | 020522s1974 enk sb 001 0 eng d | ||
| 010 | _z75317646 | ||
| 020 | _z0631151907 | ||
| 024 | 7 |
_a2027/heb01439 _2hdl |
|
| 040 |
_aMiU _cMiU |
||
| 090 |
_aBJ182 _b(INTERNET) |
||
| 100 | 1 |
_aDover, Kenneth James. _934769 |
|
| 245 | 1 | 0 |
_aGreek popular morality in the time of Plato and Aristotle _h[electronic resource] / _cK.J. Dover. |
| 300 |
_axix, 330 p. ; _c25 cm. |
||
| 504 | _aIncludes bibliographical references and indexes. | ||
| 650 | 0 | _xHistory and criticism. | |
| 830 | 0 |
_aACLS Humanities E-Book. _934770 |
|
| 856 | 4 | 0 |
_zVolltext _uhttps://hdl.handle.net/2027/heb01439 |
| 942 | _cEB | ||
| 500 | _aE-Book-ACLS / Zugriff nur im DHI-Lesesaal | ||
| 653 | _aEthics, Ancient. | ||
| 653 | _aGreek literature | ||
| 336 |
_2rdacontent _btxt _aText |
||
| 337 |
_2rdamedia _bbc _aComputermedien |
||
| 338 |
_2rdacarrier _bcr _aOnline Ressource |
||
| 264 |
_aOxford : _bBlackwell, _cc1974. |
||
| 041 | _aeng | ||
| 500 | _aAmerican Council of Learned Societies/ https://www.humanitiesebook.org/about/ | ||
| 999 |
_c64825 _d64825 |
||